Famosos España con Imágenes - Parte 2 - Estadísticas

Estadísticas generales
  • Esta prueba ha sido intentada 265 veces
  • La puntuación promedio es 8 de 16
Estadísticas de respuestas
Imagen Respuesta % Correcto
El Cejas
89%
Bad Gyal
87%
Jose Mota
81%
La Chusa
69%
Blanca Suárez
67%
Amancio Ortega
57%
Samantha Hudson
56%
Mauricio Colmenero
55%
Chiquito de la calzada
53%
Álvaro Morte
40%
Marisol
29%
Manolo Escobar
28%
Ainhoa Arteta
22%
Nona Sobo
9%
Adolfo Dominguez
7%
Guillermo Pascual
5%
No se encontraron pruebas coincidentes
Distribución de puntuación
Porcentaje de gente con cada puntuación
Porcentaje por número respondido
Historial de tus puntuaciones
No has intentado esta prueba.